Normal view
MARC view
- Sulabha K.Kulkarni
Entry Personal Name
001 - CONTROL NUMBER
- control field: 54232
003 - CONTROL NUMBER IDENTIFIER
- control field: NUST
005 - DATE AND TIME OF LATEST TRANSACTION
- control field: 20210421115921.0
008 - FIXED-LENGTH DATA ELEMENTS
- fixed length control field: 210421|| aca||aabn | a|a d
040 ## - CATALOGING SOURCE
- Original cataloging agency: NUST
- Transcribing agency: NUST
100 ## - HEADING--PERSONAL NAME
- Personal name: Sulabha K.Kulkarni
670 ## - SOURCE DATA FOUND
- Source citation: Work cat.: (NUST): Sulabha K.Kulkarni, Nanotechnology Principles and practices, 2011
